000
00307nam a2200109Ia 4500
001
588644
005
20250717120835.0
008
250717s9999 xx 000 0 und d
245
0
_a
V-5 TUZ DEDEKTİFLERİ ŞİİR DEFTERİ NEREDE
_c
FATMA ÇAĞDAŞ ÇÖREKÇİ
260
_b
ERDEM YAYINLARI
_c
2019
300
_b
78
999
_c
588644
_d
588644